<?xml version="1.0" encoding="UTF-8"?><?xml-stylesheet type="text/xsl" href="static/style.xsl"?><OAI-PMH xmlns="http://www.openarchives.org/OAI/2.0/" xmlns:xsi="http://www.w3.org/2001/XMLSchema-instance" xsi:schemaLocation="http://www.openarchives.org/OAI/2.0/ http://www.openarchives.org/OAI/2.0/OAI-PMH.xsd"><responseDate>2026-06-01T09:02:25Z</responseDate><request verb="GetRecord" identifier="oai:riuma.uma.es:10630/8703" metadataPrefix="marc">https://riuma.uma.es/rest/oai/request</request><GetRecord><record><header><identifier>oai:riuma.uma.es:10630/8703</identifier><datestamp>2026-02-03T12:54:05Z</datestamp><setSpec>com_10630_8690</setSpec><setSpec>com_10630_3139</setSpec><setSpec>com_10630_10</setSpec><setSpec>col_10630_8692</setSpec></header><metadata><record xmlns="http://www.loc.gov/MARC21/slim" xmlns:dcterms="http://purl.org/dc/terms/" xmlns:doc="http://www.lyncode.com/xoai" xmlns:xsi="http://www.w3.org/2001/XMLSchema-instance" xsi:schemaLocation="http://www.loc.gov/MARC21/slim http://www.loc.gov/standards/marcxml/schema/MARC21slim.xsd">
   <leader>00925njm 22002777a 4500</leader>
   <datafield ind2=" " ind1=" " tag="042">
      <subfield code="a">dc</subfield>
   </datafield>
   <datafield ind2=" " ind1=" " tag="720">
      <subfield code="a">Ripoll-Salceda, Juan Cruz</subfield>
      <subfield code="e">author</subfield>
   </datafield>
   <datafield ind2=" " ind1=" " tag="260">
      <subfield code="c">2014</subfield>
   </datafield>
   <datafield ind2=" " ind1=" " tag="520">
      <subfield code="a">Se contrasta qué programas de &#xd;
 mejora de la comprensión lectora &#xd;
  destinados a alumnos hablantes de &#xd;
  español cumplen los criterios de &#xd;
   What Works Clearinghouse para ser &#xd;
   considerados intervenciones basadas &#xd;
   en evidencias. Para ello se evaluaron &#xd;
   los estudios incluidos en una revisión &#xd;
    sistemática. Tras calcular el tamaño &#xd;
      de los efectos encontrados en cada &#xd;
      investigación &#xd;
       y &#xd;
       ajustar &#xd;
       la &#xd;
       significatividad de sus resultados no &#xd;
       se pudo constatar que ninguna de las &#xd;
       intervenciones &#xd;
       alcanzase &#xd;
       la &#xd;
       calificación &#xd;
        de &#xd;
        “con &#xd;
          efectos &#xd;
          positivos”. Cuatro se valoraron como &#xd;
            “con &#xd;
              efectos &#xd;
              potencialmente &#xd;
              positivos”, otras dos como “sin &#xd;
                  efectos” y otra más como con efectos &#xd;
                     potencialmente &#xd;
                     negativos. &#xd;
                     Se &#xd;
                     detecta, por tanto, una grave carencia &#xd;
                     en la investigación sobre métodos de &#xd;
                       mejora de la comprensión lectora &#xd;
                        para alumnos hablantes de español.</subfield>
   </datafield>
   <datafield ind1="8" ind2=" " tag="024">
      <subfield code="a">Investigaciones sobre Lectura, n. 2, 2014</subfield>
   </datafield>
   <datafield ind1="8" ind2=" " tag="024">
      <subfield code="a">2340-8685</subfield>
   </datafield>
   <datafield ind1="8" ind2=" " tag="024">
      <subfield code="a">http://hdl.handle.net/10630/8703</subfield>
   </datafield>
   <datafield tag="653" ind2=" " ind1=" ">
      <subfield code="a">Lectura - Comprensión</subfield>
   </datafield>
   <datafield ind2="0" ind1="0" tag="245">
      <subfield code="a">¿Existen métodos de mejora de la comprensión lectora en español y basados en evidencias?</subfield>
   </datafield>
</record>
</metadata></record></GetRecord></OAI-PMH>